Forbes greatest business stories of all time (Record no. 30135)

MARC details
000 -LEADER
fixed length control field 00476nam a2200181Ia 4500
020 ## - INTERNATIONAL STANDARD BOOK NUMBER
ISBN 9780471196532
050 ## - CALL MARK
Classification number HF 5386 .G76/
100 ## - STATEMENT OF RESPONSIBILITY--MAIN AUTHOR NAME
Personal name Gross, Daniel
245 #0 - TITLE STATEMENT
Title Forbes greatest business stories of all time
260 ## - PUBLICATION, DISTRIBUTION, ETC. (IMPRINT)
Place of publication New York
260 ## - PUBLICATION, DISTRIBUTION, ETC. (IMPRINT)
Name of publisher John Wiley & Sons
260 ## - PUBLICATION, DISTRIBUTION, ETC. (IMPRINT)
Year of publication 1996
300 ## - PHYSICAL DESCRIPTION
Number of Pages 362 p
650 ## - SUBJECT ADDED ENTRY--TOPICAL TERM
Topical Term Success in business--United States--Case studies.
942 ## - ADDED ENTRY ELEMENTS (KOHA)
Koha item type Books
Holdings
Withdrawn status Lost status Source of classification or shelving scheme Damaged status Not for loan Permanent Location Current Location Date acquired Accession Number Price effective from Koha item type
    Library of Congress Classification     NILE UNIVERSITY OF NIGERIA - MAIN LIBRARY NILE UNIVERSITY OF NIGERIA - MAIN LIBRARY 04/23/2025 0194502 04/23/2025 Books